000 01560cam9a220032501 4500
001 tmp15765577
003 UPRA
005 20190822112450.0
007 sdubmmennuuune
008 951024s1957 enk u
028 0 2 _aALP 1464 H.M.V.
_bALP 1464 H.M.V.
035 _a(Sirsi) r51202
035 _a(UPRA)tmp15765577
040 _cUPRA
041 0 _geng
100 1 _aElgar, Edward, 1857-1934.
_dElgar, Edward, 1857-1934.
_6A9153.1
240 _a10a26.1..1.9 m26.1..11.17 n26.1..29.7 r26.1..37.8
_hSound recording
245 1 0 _aSerenade for strings, op. 20
_h[sound recording].
260 _aHayes, Middlesex :
_bH.M.V.,
_c[1957]
500 _aSleeve notes by Burnett James.
501 _aWith: Elgar, Sir E.W., "Enigma" variations, op. 36 and "Cockaigne" overture, op. 40.
511 0 _aThe London Philharmonic Orchestra conducted by Sir Edward Elgar recorded on August 29, 1933.
650 0 _aSymphonies.
_6S6145.1
650 0 _aSuites (String orchestra)
_6S6166.1
700 1 _aElgar, E. W., Sir. "Enigma" variations, op. 36.
_cElgar, E. W., Sir. "Enigma" variations, op. 36.
_tElgar, E. W., Sir. "Enigma" variations, op. 36.
_nElgar, E. W., Sir. "Enigma" variations, op. 36.
_6A9154.1
700 1 _aElgar, E. W., Sir. "Cockaigne" overture, op. 40.
_cElgar, E. W., Sir. "Cockaigne" overture, op. 40.
_tElgar, E. W., Sir. "Cockaigne" overture, op. 40.
_nElgar, E. W., Sir. "Cockaigne" overture, op. 40.
_6A9161.1
710 2 _aLondon Philharmonic Orchestra.
_6A9162.1
949 _aM1003
_wlcc
_i-64922
_mMAIN
_tBOOK
_lON-SHELF
004 51202
999 _c133049
_d133049